000 00678nam a2200205 i 4500
001 129390
003 ES-MaACL
005 20230906193506.0
007 t|
008 070614s1944 ag ||||1| spa d
080 _a92(Durero):75
100 1 _aThausing, Maximus.
_9109874
245 1 0 _aAlberto Durero /
_cM. Thausing ; traducción, Verónica Meré ; supervisión, Raquel A. Gibert Friera.
260 _aBuenos Aires :
_bCompañía Editora del Plata,
_c[1944]
300 _a388 p. :
_bil. ;
_c24 cm.
500 _aAutorretrato del biografiado.
700 0 _aMeré, Verónica.
_980474
700 1 _aGibert Friera, Raquel A.
_956652
852 _aES-MaACL
_jC-4740
_bR.25184
999 _c129390
_d129390